Juvenile delinquency in post-war Europe

Elmentve itt :
Bibliográfiai részletek
Dokumentumtípus: Cikk
Megjelent: 1960
Sorozat:Kolligátum
Kulcsszavak:Bűnözés - fiatalok - Európa - 1945 után
Online Access:http://misc.bibl.u-szeged.hu/23405
LEADER 00509nab a2200157 i 4500
001 misc23405
005 20191111110349.0
008 170724s1960 hu o 0|| zxx d
040 |a SZTE Miscellanea Repozitórium  |b hun 
041 |a zxx 
245 0 0 |a Juvenile delinquency in post-war Europe  |h [elektronikus dokumentum] 
260 |c 1960 
300 |a 1-74 
490 0 |a Kolligátum 
695 |a Bűnözés - fiatalok - Európa - 1945 után 
856 4 0 |u http://misc.bibl.u-szeged.hu/23405/1/87572_001-074.pdf  |z Dokumentum-elérés